000 00275nam a2200109Ia 4500
005 20251222144815.0
008 251222s9999||||xx |||||||||||||| ||spa||
082 _a330.98/P80/1984
245 0 _aProgreso Económico y social en América Latina:
264 _bBID
942 _cLIB
999 _c20256
_d20256